[Event "British Rapidplay"]
[Site "Peterborough"]
[Date "2024.03.03"]
[Round "11"]
[White "Liu, Jacob"]
[Black "Smith, Gary P"]
[Result "1-0"]
[WhiteElo "1691"]
[BlackElo "1848"]
[PlyCount "118"]
[EventDate "2024.03.02"]
[EventType "swiss (rapid)"]
[EventRounds "11"]
[EventCountry "ENG"]
[SourceTitle "CB10_2024"]
[SourceDate "2024.03.06"]
[SourceVersion "1"]
[SourceVersionDate "2024.03.06"]
[SourceQuality "1"]

1. e4 e5 2. Nf3 Nf6 3. Nxe5 d6 4. Nf3 Nxe4 5. d3 Nf6 6. d4 d5 7. Bd3 Be7 8. Bf4 0-0 9. 0-0 Bg4 10. h3 Bh5 11. Re1 Nc6 12. c3 Bd6 13. Bg5 h6 14. Bh4 Kh8 15. Nbd2 g5 16. Bg3 Bxg3 17. fxg3 g4 18. hxg4 Bxg4 19. Nf1 Qd6 20. Qd2 Kg7 21. Ne5 Rae8 22. Nxg4 Nxg4 23. Qf4 Qxf4 24. gxf4 Re7 25. Ng3 Kh8 26. Rxe7 Nxe7 27. Re1 Ng6 28. Bxg6 fxg6 29. Re7 Kg8 30. Kh1 Rxf4 31. Rxc7 h5 32. Kg1 h4 33. Nf1 Re4 34. Rxb7 Re1 35. Rxa7 Ne3 36. Kf2 Rxf1+ 37. Kxe3 g5 38. Ra6 Kg7 39. Ke2 Rf5 40. b4 g4 41. Ra7+ Kg6 42. Ra6+ Kg5 43. Ra8 h3 44. gxh3 gxh3 45. a4 Kg4 46. Rg8+ Kh4 47. Rh8+ Kg4 48. a5 Kg3 49. b5 Rf2+ 50. Ke3 Ra2 51. Rg8+ Kh2 52. a6 Kh1 53. c4 h2 54. c5 Rg2 55. Rh8 Kg1 56. Rxh2 Rxh2 57. b6 Rh3+ 58. Kf4 Kf2 59. a7 Rh4+ 1-0

[Event "British Rapidplay"]
[Site "Peterborough"]
[Date "2024.03.02"]
[Round "4"]
[White "Smith, Gary P"]
[Black "Dupuis, Daniel"]
[Result "1-0"]
[WhiteElo "1848"]
[BlackElo "1562"]
[PlyCount "143"]
[EventDate "2024.03.02"]
[EventType "swiss (rapid)"]
[EventRounds "11"]
[EventCountry "ENG"]
[SourceTitle "CB10_2024"]
[SourceDate "2024.03.06"]
[SourceVersion "1"]
[SourceVersionDate "2024.03.06"]
[SourceQuality "1"]

1. e4 c6 2. Nf3 d5 3. Nc3 d4 4. Ne2 c5 5. Ng3 Nc6 6. Bc4 Bg4 7. h3 Bxf3 8. Qxf3 Ne5 9. Qb3 Nxc4 10. Qxc4 e5 11. d3 h6 12. 0-0 Nf6 13. f4 exf4 14. Bxf4 Be7 15. Qb5+ Qd7 16. Qxd7+ Nxd7 17. Nf5 Bf6 18. Nd6+ Ke7 19. b3 b6 20. Rae1 Be5 21. Nf5+ Kf8 22. Re2 Bxf4 23. Rxf4 f6 24. a4 Ne5 25. Nd6 Ke7 26. Nc4 Nxc4 27. bxc4 Kd6 28. g4 Rab8 29. Rf5 Ke6 30. e5 fxe5 31. Rfxe5+ Kf6 32. h4 Kg6 33. Re6+ Kh7 34. R2e5 Rb7 35. Kg2 Rf8 36. Re7 Rf7 37. Re8 a6 38. R5e6 Rf6 39. Rxf6 gxf6 40. Kf3 b5 41. axb5 axb5 42. cxb5 Rxb5 43. Kf4 Rb2 44. Re7+ Kg8 45. Re2 Kf7 46. h5 Ra2 47. Kf5 Rb2 48. Rh2 Ra2 49. g5 fxg5 50. Ke5 Ra5 51. Kd5 Kf6 52. Rf2+ Ke7 53. Re2+ Kf6 54. Re6+ Kf5 55. Rxh6 g4 56. Rh8 g3 57. h6 Kf4 58. h7 c4+ 59. Kxc4 Rh5 60. Rf8+ Ke3 61. h8Q Rxh8 62. Rxh8 g2 63. Rg8 Kf2 64. Rxg2+ Kxg2 65. Kxd4 Kf3 66. c4 Kf4 67. Kd5 Kf5 68. Kd6 Kf6 69. c5 Kf7 70. Kd7 Kf6 71. c6 Ke5 72. c7 1-0

[Event "Jersey Holiday op"]
[Site "St Clement Bay"]
[Date "2015.03.18"]
[Round "5"]
[White "Clegg, Robert"]
[Black "Smith, Gary P"]
[Result "1/2-1/2"]
[WhiteElo "1893"]
[BlackElo "1682"]
[PlyCount "35"]
[EventDate "2015.03.15"]
[EventType "swiss"]
[EventRounds "7"]
[EventCountry "GCI"]
[SourceTitle "EXT 2018"]
[Source "ChessBase"]
[SourceDate "2017.10.13"]
[SourceVersion "1"]
[SourceVersionDate "2017.10.13"]
[SourceQuality "1"]

1. d4 Nf6 2. Nf3 c5 3. d5 g6 4. c4 b5 5. cxb5 a6 6. bxa6 Bxa6 7. Nc3 d6 8. g3 Bg7 9. Bg2 Nbd7 10. 0-0 0-0 11. Re1 Qa5 12. h3 Nb6 13. Rb1 Nfd7 14. Qc2 Bc4 15. e4 Ne5 16. Nxe5 Bxe5 17. Bd2 Qa6 18. Bf1 1/2-1/2

[Event "Jersey Holiday op"]
[Site "St Clement Bay"]
[Date "2015.03.17"]
[Round "4"]
[White "Smith, Gary P"]
[Black "Brown, Anthony D"]
[Result "1-0"]
[WhiteElo "1682"]
[BlackElo "1675"]
[PlyCount "104"]
[EventDate "2015.03.15"]
[EventType "swiss"]
[EventRounds "7"]
[EventCountry "GCI"]
[SourceTitle "EXT 2018"]
[Source "ChessBase"]
[SourceDate "2017.10.13"]
[SourceVersion "1"]
[SourceVersionDate "2017.10.13"]
[SourceQuality "1"]

1. e4 g6 2. d4 Bg7 3. f4 d6 4. Nc3 Nf6 5. Nf3 Bg4 6. Be3 a6 7. h3 Bxf3 8. Qxf3 Nc6 9. Bd3 Nb4 10. 0-0 Nxd3 11. cxd3 0-0 12. Rac1 b5 13. e5 Nd7 14. Nd5 Rc8 15. Rf2 e6 16. Nb4 Nb8 17. Rfc2 d5 18. Nc6 Nxc6 19. Rxc6 a5 20. Qd1 Re8 21. R1c5 Qd7 22. Qc1 b4 23. Rxa5 Ra8 24. Rxc7 Qd8 25. Rxa8 Qxa8 26. Qc6 Qxc6 27. Rxc6 Ra8 28. Rb6 Bf8 29. Rc6 Rxa2 30. Bc1 Ra1 31. Kf2 Kg7 32. Ke2 Be7 33. g3 h5 34. Kd2 g5 35. Kc2 g4 36. hxg4 hxg4 37. Rc7 Bd8 38. Rb7 Ra4 39. Kb3 Ra1 40. Kc2 Ra4 41. b3 Ra2+ 42. Bb2 Ra8 43. Rxb4 Ba5 44. Ra4 Rc8+ 45. Kd1 Bb6 46. Ra6 Rb8 47. Ke2 Bc7 48. Ra3 Rh8 49. Bc3 Rh2+ 50. Kf1 Rh1+ 51. Ke2 Rg1 52. Kf2 Rc1 1-0